000 02789nab a22005177 4500
003 AR-RoUNA
022 _a0327-9022
040 _aAR-RoUNA
_bspa
041 _aspa
044 _aag
245 _aSumma+ /
_bVivienda colectiva y social
260 _aBuenos Aires ,
_c1993
300 _a128 p. :
_bil. byn.
_bplanos
_c34 X25 cm.
505 0 _tINDICE
505 0 _tTORRES - Buenos AiresGRANDES TORRES I
505 0 _aEsses, Naistat, Capiello, Frontini, Sbaraglia, Arótegui, Camblong, Falconi / Torres Mirabilia Palermo, Bs As, 2010. p. 4
505 0 _tGRANDES TORRES II
505 0 _aEstudio Aisenson (Aisenson-Pujals-Hojman-Pschepiurca-Fiszalew) / Le Parc Figueroa Alcorta, Bs As, 2009. p. 12
505 0 _aPablo Güiraldes / Las matemáticas de la torre ideal: sobre las columnas dobles en las tores residenciales de Mario Roberto Álvaez. p. 21
505 0 _aNicolás Campodónico / Edificio Maipú, Rosario, 2011. p. 32
505 0 _aAT 103 S.C - Francisco Pardo - Julio Amezcua / Lisboa 7 , Colonia Juárez, 2010. p. 40
505 0 _aMaría Victoria Besonías, Luciano Kruk / Edificio Estados Unidos, Bs As, 2009. p. 46
505 0 _aJ5ª / Veracruz 60, Cuanhtémoc, 2009. p. 52
505 0 _aMVS-Oficina de arquitectura-Moskdvits, Vela, Silva / Edificio Aranguren, Bs As, 2009. p. 58
505 0 _aFernando Diez / Grande Versus equeño. p. 66
505 0 _aFrancisco Cadau y Andrea Lanziani / Cinco Casas en Bloque, Bs As, 2009. p. 68
505 0 _aJ5ª / Sierra Mojada 355, Lomas de Chapultepec, 2008. p. 74
505 0 _tHISTORIA - Alejo Martínez
505 0 _aCarlos Gustavo Giménez y Ángel Miguel Navarro / La experiencia moderna en la Argentina: la obra de Alejo Martínez (H). p. 80
505 0 _aJosep María Montaner - Zaida Muxí Martínez / Palacio Colectivo. p. 84
505 0 _aEva Prats y Ricardo Flores / Edificio 111, Terrassa, 2010. p. 84
505 0 _aIlka y Andreas Ruby / Más por memos. p. 102
505 0 _aIgnacio Ros de Olano / Buenos Aires en papel. p. 119
505 0 _aRafael E. J. Iglesia / Plaza San Martín, ¿Estás ahí?: en el banco y mirando. p. 120
505 0 _aTomás Powell / Peras, manzanas y superestrellas. p. 124
505 0 _aRoberto Fernández / Ellwood: lo exacto y lo sublime. p. 123
505 0 _aMario Sabugo y Maximiliano Salomón / El realismo inestable de Alfonso Piantini. p. 127
505 0 _aFernando Diez / El color de la Patagonia Andina. p. 132
505 0 _aWilliam Rey Ashfield / Un encuentro productivo. p. 128
650 _aArquitectura contemporánea
773 0 _aSumma+
_dBuenos Aires, Argentina
_gNº113 (dic-2010), p. 128
_x0327-9022
908 _aImp
942 _2udc
_cART
945 _aMBP
_d2022-07-08
980 _8138
_gCarolina Rainero
_6138
_aCarolina Rainero
999 _c12225
_d12225